UK Top 100 Baby Boy Names 2019 - Alphabetical - Statistics

General Stats
  • This quiz has been taken 923 times
  • The average score is 57 of 100
Answer Stats
% Correct
8 J Jack
92%
1 O Oliver
90%
5 H Harry
89%
2 G George
88%
22 J James
88%
33 B Benjamin
87%
12 H Henry
87%
17 W William
87%
13 T Thomas
86%
40 D Daniel
83%
86 C Charles
81%
56 D David
81%
99 M Matthew
81%
39 A Adam
80%
21 A Alexander
80%
24 E Edward
80%
11 J Jacob
80%
41 S Samuel
79%
30 E Ethan
78%
50 Z Zachary
78%
9 C Charlie
77%
35 J Joseph
77%
49 L Luca
77%
6 L Leo
76%
100 L Luke
76%
70 M Michael
76%
3 N Noah
76%
74 L Liam
75%
10 O Oscar
75%
23 I Isaac
74%
20 J Joshua
74%
25 L Lucas
74%
14 F Freddie
73%
91 J Jackson
73%
38 E Elijah
71%
15 A Alfie
70%
93 L Leon
70%
4 A Arthur
69%
19 A Archie
67%
80 J Jake
65%
73 M Mohammad
65%
31 M Mohammed
65%
7 M Muhammad
65%
16 T Theo
64%
95 R Ryan
63%
43 M Mason
62%
55 A Albert
61%
58 F Frankie
60%
37 H Harrison
59%
26 T Tommy
58%
65 F Frederick
57%
29 L Logan
56%
53 L Louis
56%
18 T Theodore
56%
54 D Dylan
55%
27 F Finley
55%
28 M Max
55%
97 A Alfred
54%
87 F Finn
54%
79 J Jayden
53%
71 E Elliot
52%
85 O Ollie
52%
89 C Caleb
49%
36 S Sebastian
49%
66 G Gabriel
48%
62 R Riley
46%
68 B Bobby
43%
45 A Albie
42%
88 F Felix
42%
48 H Hugo
42%
78 H Harvey
41%
63 C Carter
39%
57 J Jude
38%
61 T Toby
38%
44 R Reuben
37%
52 H Hunter
36%
46 R Rory
35%
32 T Teddy
35%
76 E Ellis
34%
60 E Ezra
34%
34 A Arlo
33%
96 B Blake
33%
72 G Grayson
33%
77 H Harley
33%
69 J Jesse
33%
64 R Ronnie
33%
51 R Reggie
32%
59 R Roman
32%
82 R Rowan
32%
84 J Jasper
25%
75 J Jenson
25%
67 S Stanley
25%
47 J Jaxon
24%
81 R Ralph
23%
92 H Hudson
22%
42 L Louie
22%
94 I Ibrahim
20%
83 E Elliott
17%
90 C Chester
12%
98 O Oakley
12%
No matching quizzes found
Score Distribution
Percent of People with Each Score
Percentile by Number Answered
Your Score History
You have not taken this quiz